|
|
|
|
| LEADER |
00000cam a2200000 4500 |
| 001 |
vtls012230467 |
| 003 |
SK-MaSNL |
| 005 |
20260301080446.0 |
| 008 |
230525s2023 xo al f np 000 0 slo |
| 015 |
|
|
|a SNBA2023/06
|
| 020 |
|
|
|a 9788055225722
|q (brožované)
|
| 040 |
|
|
|a SNK
|b slo
|c SNK
|e rda
|
| 041 |
0 |
|
|a slo
|
| 044 |
|
|
|a xo
|c SK
|
| 072 |
|
7 |
|a 005
|x Manažment. Riadenie
|2 konspekt
|
| 072 |
|
7 |
|a 37.016
|x Učebné osnovy. Vyučovacie predmety. Učebnice
|2 konspekt
|
| 080 |
|
|
|a 005.51
|2 2011
|
| 080 |
|
|
|a 334.72
|2 2011
|
| 080 |
|
|
|a 351.824
|2 2011
|
| 080 |
|
|
|a (075.8)
|2 2011
|
| 100 |
1 |
|
|a Juríčková, Zuzana,
|d 1967-
|4 aut
|9 199557
|
| 245 |
1 |
0 |
|a Logistika - Cvičebnica
|c Zuzana Juríčková, Alexandra Filová
|
| 250 |
|
|
|a Vydanie: prvé
|
| 264 |
|
1 |
|a Nitra
|b Slovenská poľnohospodárska univerzita v Nitre
|c 2023
|
| 300 |
|
|
|a 84 strán
|b ilustrácie, schémy, tabuľky
|c 26 cm
|
| 336 |
|
|
|a text
|b txt
|2 rdacontent
|
| 337 |
|
|
|a bez média
|b n
|2 rdamedia
|
| 338 |
|
|
|a zväzok
|b nc
|2 rdacarrier
|
| 366 |
|
|
|e 50 kusov
|
| 500 |
|
|
|a Na obálke nad názvom: Slovenská poľnohospodárska univerzita v Nitre, Fakulta ekonomiky a manažmentu, Ústav ekonomiky a manažmentu
|
| 504 |
|
|
|a Obsahuje bibliografiu na strane 83-84
|
| 650 |
0 |
7 |
|a logistika (manažment)
|2 SNKPH
|9 3620
|
| 650 |
0 |
7 |
|a podnikanie
|2 SNKPH
|9 1757
|
| 650 |
0 |
7 |
|a podniky
|2 SNKPH
|9 923
|
| 650 |
0 |
7 |
|a Business logistics
|2 SNKPHeng
|9 274299
|
| 650 |
0 |
7 |
|a Business enterprises
|2 SNKPHeng
|9 265529
|
| 650 |
0 |
7 |
|a Business
|2 SNKPHeng
|9 268171
|
| 650 |
0 |
7 |
|a Planning
|2 SNKPHeng
|9 302681
|
| 650 |
0 |
7 |
|a plánovanie
|2 SNKPH
|9 15324
|
| 655 |
|
7 |
|a učebnice vysokých škôl
|2 SNKPH
|9 70191
|
| 655 |
|
7 |
|a Textbooks (higher)
|2 SNKPHeng
|9 276436
|
| 655 |
|
7 |
|a cvičebnice
|2 SNKPH
|9 60803
|
| 700 |
1 |
|
|a Filová, Alexandra,
|d 1981-
|4 aut
|9 224123
|
| 710 |
2 |
|
|a Slovenská poľnohospodárska univerzita v Nitre.
|b Fakulta ekonomiky a manažmentu.
|b Ústav ekonomiky a manažmentu
|4 pbl
|9 217825
|
| 852 |
|
|
|a Slovenská národná knižnica
|
| 919 |
|
|
|a 978-80-552-2572-2
|
| 954 |
|
|
|a odborná, vedecká literatúra pôvodná (slovenská)
|2 lita
|
| 958 |
|
|
|a NB
|
| 999 |
|
|
|c 653241
|d 655171
|
| 952 |
|
|
|a SNK
|b SNK
|y PREZ
|7 0
|p 17A1531812
|o snkSC 202211
|i snk2023/8419
|8 0
|0 0
|1 0
|4 0
|d 2023-05-25
|l 0
|r 2025-10-24 00:00:00
|w 2026-02-23
|
| 952 |
|
|
|a SNK
|b SNK
|y VYP
|7 0
|p 17A1529985
|o snkSC 202211 D1
|i snk2023/9276
|8 3
|g 2.20
|0 0
|1 0
|4 0
|d 2023-06-09
|l 0
|r 2026-02-23 18:28:06
|w 2026-02-23
|